[Event "EU-chT Seniors"]
[Site "Rogaska Slatina"]
[Date "2012.03.30"]
[Round "4.9"]
[White "Sanz Bastos, Fernando"]
[Black "Svensson, Soren"]
[Result "0-1"]
[WhiteElo "2058"]
[BlackElo "2062"]
[PlyCount "86"]
[EventDate "2012.03.27"]
[EventType "team-swiss"]
[EventRounds "9"]
[EventCountry "SLO"]
[SourceTitle "CBM 147 Extra"]
[Source "ChessBase"]
[SourceDate "2012.04.24"]
[SourceVersion "1"]
[SourceVersionDate "2012.04.24"]
[SourceQuality "1"]
[WhiteTeam "Catalunya (Seniors)"]
[BlackTeam "Sweden (Seniors) II"]
[WhiteTeamCountry "ESP"]
[BlackTeamCountry "SWE"]

1. e4 e5 2. Nf3 Nc6 3. Bb5 Nd4 4. Nxd4 exd4 5. d3 Bc5 6. 0-0 c6 7. Ba4 d6 8. Bb3 Qh4 9. Qf3 Nf6 10. Qg3 Qxg3 11. hxg3 0-0 12. Bf4 h6 13. a4 a5 14. Na3 g5 15. Bd2 Bb6 16. Nc4 Bc7 17. f4 d5 18. exd5 Nxd5 19. Rae1 gxf4 20. gxf4 Bf5 21. Ne5 Rae8 22. Bxd5 cxd5 23. b4 Ra8 24. b5 Rac8 25. Bc1 Bd6 26. Rf2 Bb4 27. Ree2 f6 28. Nf3 Bxd3 29. cxd3 Rxc1+ 30. Kh2 Rd1 31. Nxd4 Bc5 32. Ne6 Bxf2 33. Rxf2 Rc8 34. Rf3 Kf7 35. f5 Rg8 36. Nf4 Rd2 37. Ng6 Re8 38. Nf4 Re5 39. Nh5 Ra2 40. Rf4 Ra3 41. d4 Re4 42. Rxe4 dxe4 43. d5 Rxa4 0-1